LIBRARY & INFORMATION CENTRE, KCAET, TAVANUR

ONLINE PUBLIC ACCESS CATALOGUE (OPAC)

Engineering mathematics, Vol 2 / (Record no. 9135)

MARC details
000 -LEADER
fixed length control field 00459cam a2200181ua 4500
041 ## - LANGUAGE CODE
Language code of text/sound track or separate title eng
082 ## - DEWEY DECIMAL CLASSIFICATION NUMBER
Classification number 519.062
Item number VEN/EN
100 ## - MAIN ENTRY--AUTHOR NAME
Personal name Venkataraman, M K .
245 ## - TITLE STATEMENT
Title Engineering mathematics, Vol 2 /
250 ## - EDITION STATEMENT
Edition statement 4 /
260 ## - PUBLICATION, DISTRIBUTION, ETC. (IMPRINT)
Place of publication Chennai :
Name of publisher The National Publishing Co ,
Year of publication 1993.
300 ## - PHYSICAL DESCRIPTION
Number of Pages 819 ; .
942 ## - ADDED ENTRY ELEMENTS (KOHA)
Koha item type Books
Holdings
Withdrawn status Lost status Damaged status Home library Current library Date acquired Full call number Accession Number Koha item type
      KAUAET KAUAET 09/10/1986 519.062 VEN/EN 15846 Books
free website counter